00659nam a2200217Ia 4500003000900000008004100009040001300050040001300063041000800076100001500084245005600099250000900155260002100164260000900185300001100194300001200205490000600217942000700223999001700230952019400247IT-RoPAU120407s9999 xx 000 0 und d aIT-RoPAU cIT-RoPAU aita aLactantius aLa morte dei persecutori. A cura di Paolo Calliari. aAlba aEdizioni Paoline c1965 a219 p. c19,5 cm v1 cBK c29181d29181 00102ddc406276_00000000000000071aPAULUSbPAULUSd2012-04-11l0o276.0r2012-04-11 00:00:00w2012-04-11yBKzInserito da: Jole In data: 30 luglio 2011 fondo: Via A.Severo 56 Progr:20387